[Event "Unterfranken-ch M2 63th"]
[Site "Schweinfurt"]
[Date "2012.04.11"]
[Round "5"]
[White "Drescher, Frank"]
[Black "Kirchner, Michael"]
[Result "1-0"]
[WhiteElo "1854"]
[BlackElo "1773"]
[PlyCount "67"]
[EventDate "2012.04.09"]
[EventType "swiss"]
[EventRounds "9"]
[EventCountry "GER"]
[SourceTitle "EXT 2015"]
[Source "ChessBase"]
[SourceDate "2014.11.20"]
[SourceVersion "1"]
[SourceVersionDate "2014.11.20"]
[SourceQuality "1"]

1. d4 d6 2. c4 e5 3. g3 exd4 4. Qxd4 Nc6 5. Qd1 g6 6. Nh3 Bg7 7. Nf4 Nf6 8. Bg2 0-0 9. 0-0 Bf5 10. Nc3 Re8 11. Nfd5 Qc8 12. Bg5 Nxd5 13. cxd5 Ne5 14. Rc1 Qd7 15. Qb3 c6 16. dxc6 bxc6 17. Qa4 d5 18. b3 h6 19. Bf4 g5 20. Be3 Be6 21. Rfd1 f5 22. Qa6 Qc8 23. Qa5 Qd8 24. Qa3 Bf8 25. Bc5 Nd7 26. Bxf8 Rxf8 27. Qd6 Qf6 28. Qxc6 Rac8 29. Nxd5 Qf7 30. Nc7 Nf6 31. Qxe6 Rxc7 32. Qxf5 Qe7 33. Rxc7 Qxc7 34. Qg6+ 1-0

[Event "Unterfranken-ch M2 63th"]
[Site "Schweinfurt"]
[Date "2012.04.09"]
[Round "1"]
[White "Poppe, Wolfgang"]
[Black "Kirchner, Michael"]
[Result "0-1"]
[WhiteElo "1633"]
[BlackElo "1773"]
[PlyCount "121"]
[EventDate "2012.04.09"]
[EventType "swiss"]
[EventRounds "9"]
[EventCountry "GER"]
[SourceTitle "EXT 2015"]
[Source "ChessBase"]
[SourceDate "2014.11.20"]
[SourceVersion "1"]
[SourceVersionDate "2014.11.20"]
[SourceQuality "1"]

1. e4 d5 2. exd5 Nf6 3. d4 Nxd5 4. Nf3 g6 5. g3 Bg7 6. Bg2 0-0 7. 0-0 Nc6 8. c3 h6 9. Nbd2 Nb6 10. Ne4 Bf5 11. Qe2 Re8 12. Nh4 Be6 13. Re1 Bd5 14. Nf3 e5 15. dxe5 Nxe5 16. Nxe5 Rxe5 17. Bf4 Re8 18. Qc2 f5 19. Nd2 Bxg2 20. Kxg2 Qd5+ 21. Kg1 c6 22. Qb3 Qf7 23. Kf1 Nd5 24. Be3 b6 25. Nf3 Kh7 26. Bd4 Bf8 27. Ne5 Qb7 28. f4 c5 29. Bg1 Bg7 30. Rac1 Nf6 31. Qf7 Re7 32. Qxg6+ Kg8 33. Qxf5 Rf8 34. Qh3 Nh7 35. Ng4 Qa6+ 36. Kg2 Re2+ 37. Bf2 Rxb2 38. Nxh6+ Kh8 39. Re7 Qxa2 40. Rf1 Bxc3 41. Nf5 Qd5+ 42. Kg1 Qxf5 43. Qh6 Bf6 44. Rxh7+ Kg8 45. Rxa7 Re2 46. h3 Re6 47. g4 Bc3 48. Qh4 Qg6 49. Bg3 Bd4+ 50. Kh2 Bf6 51. g5 Bxg5 52. Qg4 Bh6 53. f5 Qxg4 54. hxg4 Rc6 55. Bf4 Bxf4+ 56. Rxf4 c4 57. Rb7 Rf7 58. Rb8+ Rf8 59. Rb7 c3 60. Rf1 c2 61. Rc1 0-1

[Event "Unterfranken-ch HT 61th"]
[Site "Kitzingen"]
[Date "2010.04.10"]
[Round "9"]
[White "Kirchner, Michael"]
[Black "Schaefer, Dietmar"]
[Result "1/2-1/2"]
[WhiteElo "1774"]
[BlackElo "1610"]
[PlyCount "22"]
[EventDate "2010.04.05"]
[EventType "swiss"]
[EventRounds "9"]
[EventCountry "GER"]
[SourceTitle "EXT 2015"]
[Source "ChessBase"]
[SourceDate "2014.11.20"]
[SourceVersion "1"]
[SourceVersionDate "2014.11.20"]
[SourceQuality "1"]

1. d4 d5 2. Nf3 Nf6 3. e3 Bg4 4. c4 e6 5. Qb3 Bxf3 6. Qxb7 Bxg2 7. Bxg2 Nbd7 8. cxd5 Rb8 9. Qc6 Rb6 10. Qc4 Rb4 11. Qc6 Rb6 1/2-1/2

[Event "Unterfranken-ch M2 60th"]
[Site "Obernau"]
[Date "2009.04.17"]
[Round "7"]
[White "Kirchner, Michael"]
[Black "Schmid, Herbert"]
[Result "1/2-1/2"]
[WhiteElo "1762"]
[BlackElo "1635"]
[PlyCount "51"]
[EventDate "2009.04.13"]
[EventType "swiss"]
[EventRounds "9"]
[EventCountry "GER"]
[SourceTitle "EXT 2015"]
[Source "ChessBase"]
[SourceDate "2014.11.20"]
[SourceVersion "1"]
[SourceVersionDate "2014.11.20"]
[SourceQuality "1"]

1. d4 f5 2. Bg5 d5 3. c4 c6 4. cxd5 cxd5 5. Nc3 Qa5 6. Bd2 e6 7. Rc1 Qd8 8. Nf3 Nc6 9. e3 Nf6 10. Ne5 Bd7 11. Bb5 a6 12. Bxc6 bxc6 13. Qa4 c5 14. Nxd7 Qxd7 15. dxc5 Bxc5 16. Qa5 Bd6 17. Na4 Qd8 18. Nc5 Qxa5 19. Bxa5 0-0 20. Nxe6 Rfb8 21. b3 Re8 22. Nc7 Bxc7 23. Bxc7 d4 24. 0-0 dxe3 25. fxe3 g6 26. Bb6 1/2-1/2

[Event "Goch op 19th"]
[Site "Goch"]
[Date "2008.10.12"]
[Round "6"]
[White "Der, Josef"]
[Black "Kirchner, Michael"]
[Result "0-1"]
[WhiteElo "1796"]
[BlackElo "2007"]
[PlyCount "90"]
[EventDate "2008.10.09"]
[EventType "swiss"]
[EventRounds "7"]
[EventCountry "GER"]
[SourceTitle "EXT 2011"]
[Source "ChessBase"]
[SourceDate "2010.11.26"]
[SourceVersion "1"]
[SourceVersionDate "2010.11.26"]
[SourceQuality "1"]

1. d4 d6 2. e4 Nf6 3. Nc3 g6 4. g3 Bg7 5. Bg2 0-0 6. Nge2 Nc6 7. 0-0 e5 8. d5 Ne7 9. f4 exf4 10. Bxf4 Nh5 11. Be3 f5 12. Qd2 Nf6 13. Rad1 fxe4 14. Bxe4 Nxe4 15. Rxf8+ Qxf8 16. Nxe4 Nf5 17. c3 Qe7 18. Bg5 Qxe4 19. Re1 Bd7 20. Nf4 Qf3 21. Ne6 Be5 22. Rf1 Qg4 23. Bf4 Bxe6 24. Bxe5 dxe5 25. dxe6 Nxg3 26. hxg3 Qxe6 27. b3 Re8 28. Kh2 e4 29. Qe3 b6 30. Qf4 c5 31. Rd1 e3 32. Re1 e2 33. c4 Qe5 34. Qd2 Kf7 35. Kg2 Qe3 36. Qxe3 Rxe3 37. Kf2 Re5 38. Rxe2 Rxe2+ 39. Kxe2 Kf6 40. Ke3 Ke5 41. a3 h5 42. b4 a5 43. bxa5 bxa5 44. a4 g5 45. Kd3 h4 0-1

[Event "Goch op 19th"]
[Site "Goch"]
[Date "2008.10.11"]
[Round "4"]
[White "Aymans, Rainer"]
[Black "Kirchner, Michael"]
[Result "0-1"]
[WhiteElo "1719"]
[BlackElo "2007"]
[PlyCount "56"]
[EventDate "2008.10.09"]
[EventType "swiss"]
[EventRounds "7"]
[EventCountry "GER"]
[SourceTitle "EXT 2011"]
[Source "ChessBase"]
[SourceDate "2010.11.26"]
[SourceVersion "1"]
[SourceVersionDate "2010.11.26"]
[SourceQuality "1"]

1. Nf3 d6 2. g3 e5 3. d3 Be7 4. Bg2 c6 5. 0-0 f5 6. c4 Nf6 7. Nc3 Na6 8. a3 0-0 9. e3 h6 10. b4 Nc7 11. Bd2 Be6 12. a4 Qd7 13. b5 g5 14. Qc2 Rf7 15. Ne2 e4 16. Nfd4 d5 17. bxc6 bxc6 18. dxe4 fxe4 19. cxd5 cxd5 20. Rab1 Bg4 21. Rb7 Bd6 22. Nc3 a6 23. Qb3 Raf8 24. Nce2 Bh3 25. f3 Bxg2 26. Kxg2 exf3+ 27. Rxf3 Ne4 28. Rxf7 Qxf7 0-1

[Event "Goch op 19th"]
[Site "Goch"]
[Date "2008.10.09"]
[Round "1"]
[White "Kirchner, Michael"]
[Black "Baier, Peter"]
[Result "1-0"]
[WhiteElo "2007"]
[BlackElo "1329"]
[PlyCount "31"]
[EventDate "2008.10.09"]
[EventType "swiss"]
[EventRounds "7"]
[EventCountry "GER"]
[SourceTitle "EXT 2011"]
[Source "ChessBase"]
[SourceDate "2010.11.26"]
[SourceVersion "1"]
[SourceVersionDate "2010.11.26"]
[SourceQuality "1"]

1. d4 d5 2. Nf3 Bf5 3. e3 e6 4. c4 c6 5. Nc3 Nf6 6. cxd5 cxd5 7. Bd3 Ne4 8. Qc2 Bb4 9. 0-0 Bxc3 10. bxc3 Qc7 11. Bb2 Nd7 12. Rfc1 0-0 13. c4 Ndf6 14. Qb3 Qd7 15. Ne5 Nd2 16. Qc2 1-0

[Event "Unterfranken-ch M2 58th"]
[Site "Wuerzburg"]
[Date "2007.??.??"]
[Round "6"]
[White "Kirchner, Michael"]
[Black "Seubert, Karl"]
[Result "1-0"]
[WhiteElo "1790"]
[BlackElo "1842"]
[PlyCount "81"]
[EventDate "2007.04.09"]
[EventType "swiss"]
[EventRounds "9"]
[EventCountry "GER"]
[SourceTitle "EXT 2015"]
[Source "ChessBase"]
[SourceDate "2014.11.20"]
[SourceVersion "1"]
[SourceVersionDate "2014.11.20"]
[SourceQuality "1"]

1. d4 Nf6 2. Nf3 e6 3. e3 b6 4. Bd3 Bb7 5. 0-0 Be7 6. b3 0-0 7. Bb2 Be4 8. c4 c6 9. Nc3 Bxd3 10. Qxd3 d5 11. Ne5 Nfd7 12. f4 f5 13. Rf3 Nxe5 14. fxe5 Nd7 15. Raf1 Re8 16. Qe2 a6 17. g4 g6 18. Qg2 Kh8 19. Ne2 Bf8 20. Bc3 b5 21. c5 a5 22. Be1 a4 23. b4 Bg7 24. h4 Rf8 25. h5 fxg4 26. Rxf8+ Nxf8 27. hxg6 Nxg6 28. Qxg4 Qe7 29. Nf4 Nxf4 30. Rxf4 Rg8 31. Bh4 Qe8 32. Bg5 h6 33. Qh3 Kh7 34. Rg4 Qg6 35. Bf4 Qb1+ 36. Kh2 Qxa2+ 37. Rg2 Qb1 38. Rxg7+ Kxg7 39. Qxh6+ Kf7 40. Qf6+ Ke8 41. Qxe6+ 1-0

[Event "Unterfranken-ch M1 57th"]
[Site "Prichsenstadt"]
[Date "2006.04.20"]
[Round "6"]
[White "Kirchner, Michael"]
[Black "Vogt, Thomas"]
[Result "0-1"]
[WhiteElo "1858"]
[BlackElo "1939"]
[PlyCount "96"]
[EventDate "2006.04.17"]
[EventType "swiss"]
[EventRounds "9"]
[EventCountry "GER"]
[SourceTitle "EXT 2015"]
[Source "ChessBase"]
[SourceDate "2014.11.20"]
[SourceVersion "1"]
[SourceVersionDate "2014.11.20"]
[SourceQuality "1"]

1. d4 Nf6 2. Nf3 e6 3. e3 c5 4. Bd3 b6 5. 0-0 Bb7 6. b3 Be7 7. Bb2 0-0 8. Nbd2 d6 9. Qe2 Nbd7 10. Rfe1 Qc7 11. c4 Rac8 12. Rad1 a6 13. Nf1 Qb8 14. Ng3 Rfd8 15. e4 cxd4 16. Bxd4 Ba8 17. e5 Bxf3 18. Qxf3 dxe5 19. Bb2 Bb4 20. Re2 Bc5 21. Ne4 Bd4 22. Ba3 Nxe4 23. Rxe4 f5 24. Rh4 Nf6 25. Be7 e4 26. Qe2 Rd7 27. Bxf6 Bxf6 28. Rh3 Rxd3 29. Rdxd3 exd3 30. Qxe6+ Kh8 31. Qxf5 h6 32. Rxd3 Rd8 33. g3 Rxd3 34. Qxd3 Qd8 35. Qe2 a5 36. f3 Qd4+ 37. Kg2 Qb2 38. Qxb2 Bxb2 39. f4 Kg8 40. Kf3 Kf7 41. Ke4 Ke6 42. g4 Kd6 43. g5 hxg5 44. fxg5 g6 45. h4 Kc5 46. Kd3 Kb4 47. Ke4 Ka3 48. Kd5 Kxa2 0-1

[Event "Unterfranken-ch M1 57th"]
[Site "Prichsenstadt"]
[Date "2006.04.19"]
[Round "4"]
[White "Kirchner, Michael"]
[Black "Susallek, Markus"]
[Result "1-0"]
[WhiteElo "1858"]
[BlackElo "1882"]
[PlyCount "45"]
[EventDate "2006.04.17"]
[EventType "swiss"]
[EventRounds "9"]
[EventCountry "GER"]
[SourceTitle "EXT 2015"]
[Source "ChessBase"]
[SourceDate "2014.11.20"]
[SourceVersion "1"]
[SourceVersionDate "2014.11.20"]
[SourceQuality "1"]

1. d4 Nf6 2. Nf3 g6 3. Nc3 d5 4. Bf4 Bg7 5. e3 0-0 6. Be2 Bg4 7. Ne5 Bxe2 8. Qxe2 Nbd7 9. h4 h5 10. 0-0-0 c5 11. Nxd7 Qxd7 12. dxc5 Rac8 13. Nxd5 Nxd5 14. Qc4 e6 15. e4 Nb6 16. Qb3 Qc6 17. cxb6 Qxe4 18. Bd6 Rfd8 19. bxa7 Rxd6 20. Rxd6 Qf4+ 21. Rd2 Kh7 22. Rhd1 Rd8 23. Kb1 1-0

[Event "Unterfranken-ch M1 57th"]
[Site "Prichsenstadt"]
[Date "2006.04.18"]
[Round "2"]
[White "Kirchner, Michael"]
[Black "Kuhn, Norbert"]
[Result "0-1"]
[WhiteElo "1858"]
[BlackElo "2025"]
[PlyCount "66"]
[EventDate "2006.04.17"]
[EventType "swiss"]
[EventRounds "9"]
[EventCountry "GER"]
[SourceTitle "EXT 2015"]
[Source "ChessBase"]
[SourceDate "2014.11.20"]
[SourceVersion "1"]
[SourceVersionDate "2014.11.20"]
[SourceQuality "1"]

1. d4 d5 2. Nf3 Nf6 3. e3 e6 4. Bd3 c5 5. b3 Nc6 6. Bb2 Bd6 7. 0-0 Qc7 8. a3 e5 9. dxe5 Nxe5 10. Nxe5 Bxe5 11. Bxe5 Qxe5 12. Nd2 0-0 13. c4 Be6 14. Qc2 b6 15. Rae1 Rad8 16. f4 Qd6 17. Rd1 dxc4 18. Nxc4 Qe7 19. Ne5 Rd6 20. Rf3 Rfd8 21. Rdf1 h6 22. e4 Bc8 23. Nxf7 Qxf7 24. e5 Rd4 25. Bg6 Qe7 26. exf6 Qxf6 27. Re1 Rxf4 28. Rfe3 Rf8 29. Bd3 Qd4 30. Bc4+ Kh8 31. h3 Re8 32. Qe2 Rfe4 33. Kf2 Rxe3 0-1

[Event "Unterfranken-ch M2 56th"]
[Site "Stetten"]
[Date "2005.04.02"]
[Round "9"]
[White "Kirchner, Michael"]
[Black "Kuhn, Norbert"]
[Result "1/2-1/2"]
[WhiteElo "1849"]
[BlackElo "2062"]
[PlyCount "67"]
[EventDate "2005.03.28"]
[EventType "swiss"]
[EventRounds "9"]
[EventCountry "GER"]
[SourceTitle "EXT 2015"]
[Source "ChessBase"]
[SourceDate "2014.11.20"]
[SourceVersion "1"]
[SourceVersionDate "2014.11.20"]
[SourceQuality "1"]

1. d4 d5 2. Nf3 e6 3. e3 c5 4. b3 cxd4 5. exd4 Nf6 6. Bd3 Be7 7. Bb2 0-0 8. Nbd2 Nc6 9. 0-0 Nb4 10. Be2 Ne4 11. a3 Nc6 12. Bd3 f5 13. Ne5 Nxe5 14. dxe5 Nxd2 15. Qxd2 Bd7 16. c4 Bc6 17. Qe3 b6 18. b4 Rc8 19. Rac1 Qd7 20. Rfd1 Rfd8 21. Bd4 dxc4 22. Bxc4 Bd5 23. Bb2 Qb7 24. Qe2 Bxc4 25. Rxd8+ Bxd8 26. Rxc4 Rxc4 27. Qxc4 Qd5 28. Qxd5 exd5 29. f4 b5 30. Bd4 a6 31. Kf2 g6 32. Ke3 Kf7 33. Bc5 Ke6 34. Kd4 1/2-1/2

[Event "Unterfranken-ch M2 56th"]
[Site "Stetten"]
[Date "2005.03.28"]
[Round "1"]
[White "Neubauer, Jaroslaus"]
[Black "Kirchner, Michael"]
[Result "1-0"]
[WhiteElo "1892"]
[BlackElo "1849"]
[PlyCount "69"]
[EventDate "2005.03.28"]
[EventType "swiss"]
[EventRounds "9"]
[EventCountry "GER"]
[SourceTitle "EXT 2015"]
[Source "ChessBase"]
[SourceDate "2014.11.20"]
[SourceVersion "1"]
[SourceVersionDate "2014.11.20"]
[SourceQuality "1"]

1. e4 d5 2. Nc3 Nf6 3. e5 Nfd7 4. e6 fxe6 5. d4 g6 6. h4 Bg7 7. h5 Nf8 8. hxg6 Nxg6 9. Bd3 Kd7 10. Qg4 c6 11. Nf3 Qe8 12. Bd2 Kd8 13. Qg3 Nd7 14. Ng5 Ndf8 15. Nf3 Nd7 16. Bh6 Bf6 17. 0-0-0 Rg8 18. Qh2 e5 19. Bxg6 Qxg6 20. dxe5 Bg7 21. Bxg7 Rxg7 22. Qf4 Rf7 23. Qg5 Qxg5+ 24. Nxg5 Rxf2 25. Ne6+ Ke8 26. Nc7+ Kf8 27. Rdf1 Rxf1+ 28. Rxf1+ Kg7 29. Nxa8 Nxe5 30. Nc7 Bd7 31. Ne2 Ng4 32. Nf4 e5 33. Nfe6+ Kh6 34. Nf8 Bc8 35. Rf7 1-0

[Event "Unterfranken-ch M2 55th"]
[Site "Bad Koenigshofen"]
[Date "2004.04.16"]
[Round "7"]
[White "Kirchner, Michael"]
[Black "Heerlein, Gerd"]
[Result "1/2-1/2"]
[WhiteElo "1741"]
[BlackElo "1703"]
[PlyCount "25"]
[EventDate "2004.04.12"]
[EventType "swiss"]
[EventRounds "9"]
[EventCountry "GER"]
[SourceTitle "EXT 2015"]
[Source "ChessBase"]
[SourceDate "2014.11.20"]
[SourceVersion "1"]
[SourceVersionDate "2014.11.20"]
[SourceQuality "1"]

1. d4 Nf6 2. Nf3 g6 3. Nc3 Bg7 4. e4 d6 5. Be3 c6 6. Qd2 0-0 7. h4 h5 8. Be2 b5 9. a3 Ng4 10. Bg5 f6 11. Bf4 e5 12. Bg3 a6 13. 0-0 1/2-1/2

[Event "Unterfranken-ch M2 55th"]
[Site "Bad Koenigshofen"]
[Date "2004.04.15"]
[Round "6"]
[White "Hofmann, Andreas"]
[Black "Kirchner, Michael"]
[Result "1-0"]
[WhiteElo "1731"]
[BlackElo "1741"]
[PlyCount "111"]
[EventDate "2004.04.12"]
[EventType "swiss"]
[EventRounds "9"]
[EventCountry "GER"]
[SourceTitle "EXT 2015"]
[Source "ChessBase"]
[SourceDate "2014.11.20"]
[SourceVersion "1"]
[SourceVersionDate "2014.11.20"]
[SourceQuality "1"]

1. e4 d5 2. exd5 Nf6 3. c4 e6 4. dxe6 Bxe6 5. Nf3 Nc6 6. d4 Bb4+ 7. Bd2 Bxd2+ 8. Qxd2 Qe7 9. Qe2 0-0-0 10. d5 Rhe8 11. Nc3 Qb4 12. 0-0-0 Bf5 13. Qd2 Qc5 14. Qf4 Ne7 15. Nd4 Bg6 16. a3 Nexd5 17. cxd5 Re4 18. Qd2 Rxd5 19. b4 Qxd4 20. Qxd4 Rdxd4 21. Nxe4 Rxd1+ 22. Kxd1 Nxe4 23. Ke1 Nc3 24. Bc4 Nb1 25. a4 Na3 26. Bb3 Bc2 27. Bxf7 Bxa4 28. Kd2 Bc6 29. Ra1 Nb5 30. Bc4 Nd6 31. Bd3 Ne4+ 32. Bxe4 Bxe4 33. f3 Bc6 34. Rxa7 b6 35. Ke3 Kd7 36. g3 Kd6 37. f4 Bd5 38. f5 g6 39. g4 gxf5 40. gxf5 Bf7 41. Kf4 h6 42. h4 Bh5 43. Ra8 c5 44. bxc5+ Kxc5 45. Rh8 b5 46. Rxh6 Bf7 47. Rh7 Bc4 48. Rc7+ Kd6 49. Rc8 Kd7 50. Rxc4 bxc4 51. h5 c3 52. Ke3 Ke7 53. Kd3 Kf6 54. h6 Kf7 55. Kxc3 Kg8 56. f6 1-0

[Event "Unterfranken-ch M2 54th"]
[Site "Moembris"]
[Date "2003.04.26"]
[Round "9"]
[White "Grebner, Bernd"]
[Black "Kirchner, Michael"]
[Result "1/2-1/2"]
[WhiteElo "1838"]
[BlackElo "1751"]
[PlyCount "32"]
[EventDate "2003.04.21"]
[EventType "swiss"]
[EventRounds "9"]
[EventCountry "GER"]
[SourceTitle "EXT 2015"]
[Source "ChessBase"]
[SourceDate "2014.11.20"]
[SourceVersion "1"]
[SourceVersionDate "2014.11.20"]
[SourceQuality "1"]

1. d4 d5 2. c4 e6 3. Nc3 Nf6 4. Nf3 c6 5. e3 Nbd7 6. Bd3 Bd6 7. 0-0 0-0 8. Re1 dxc4 9. Bxc4 Nb6 10. Bd3 c5 11. e4 cxd4 12. Nxd4 Bxh2+ 13. Kxh2 Qxd4 14. Be3 Qd6+ 15. Kg1 e5 16. Be2 Qb4 1/2-1/2

[Event "Unterfranken-ch M2 54th"]
[Site "Moembris"]
[Date "2003.04.25"]
[Round "8"]
[White "Kirchner, Michael"]
[Black "Feller, Simon"]
[Result "0-1"]
[WhiteElo "1751"]
[BlackElo "1803"]
[PlyCount "118"]
[EventDate "2003.04.21"]
[EventType "swiss"]
[EventRounds "9"]
[EventCountry "GER"]
[SourceTitle "EXT 2015"]
[Source "ChessBase"]
[SourceDate "2014.11.20"]
[SourceVersion "1"]
[SourceVersionDate "2014.11.20"]
[SourceQuality "1"]

1. d4 d5 2. Nf3 Nf6 3. Nc3 Bf5 4. Bf4 h6 5. e3 e6 6. Bd3 Bxd3 7. Qxd3 c6 8. 0-0 Bd6 9. Bxd6 Qxd6 10. e4 Nxe4 11. Nxe4 dxe4 12. Qxe4 Nd7 13. c3 0-0 14. Rad1 Nf6 15. Qe5 Rfd8 16. Qxd6 Rxd6 17. Ne5 Rad8 18. Nc4 Rd5 19. Ne3 R5d7 20. Rfe1 Nd5 21. Kf1 Nb6 22. b3 Nd5 23. Nxd5 Rxd5 24. Ke2 Kf8 25. Rd2 c5 26. Red1 cxd4 27. Rxd4 Rxd4 28. cxd4 Rc8 29. Kd3 Ke7 30. Rd2 Kd6 31. h3 Kd5 32. f3 b5 33. Re2 f6 34. Rd2 b4 35. Re2 Rc1 36. Rd2 g5 37. Ke2 f5 38. Ke3 h5 39. Kf2 Rc3 40. Ke2 g4 41. Kf2 gxh3 42. gxh3 h4 43. Ke2 Rc8 44. Ke3 Rc1 45. Kf2 a5 46. Kg2 Rc3 47. Kf2 a4 48. bxa4 Ra3 49. Ke2 f4 50. Kf2 Rxa4 51. Ke1 Ra3 52. Kf2 Kc4 53. Re2 Kxd4 54. Re4+ Kc3 55. Rxf4 Rxa2+ 56. Ke3 b3 57. Rf8 b2 58. Rc8+ Kb3 59. Rb8+ Kc2 0-1

[Event "Unterfranken-ch HT 52th"]
[Site "Massbach"]
[Date "2001.04.18"]
[Round "4"]
[White "Moreth, Alexander"]
[Black "Kirchner, Michael"]
[Result "1-0"]
[WhiteElo "1694"]
[BlackElo "1721"]
[PlyCount "51"]
[EventDate "2001.04.16"]
[EventType "swiss"]
[EventRounds "9"]
[EventCountry "GER"]
[SourceTitle "EXT 2015"]
[Source "ChessBase"]
[SourceDate "2014.11.20"]
[SourceVersion "1"]
[SourceVersionDate "2014.11.20"]
[SourceQuality "1"]

1. e4 d5 2. exd5 Nf6 3. Nf3 Nxd5 4. Bc4 Nb6 5. Bb3 c5 6. d3 Nc6 7. Bf4 e6 8. Nc3 Bd6 9. Bxd6 Qxd6 10. Ne4 Qe7 11. 0-0 0-0 12. Qd2 Bd7 13. Qc3 Nd4 14. Nxd4 cxd4 15. Qxd4 Rfd8 16. Qe3 Rac8 17. Nc3 Bc6 18. Rfe1 Rc7 19. Re2 Rcd7 20. Rae1 Rd4 21. Qg3 h5 22. Rxe6 Qb4 23. a3 Qf8 24. Rg6 Nd5 25. Nxd5 fxg6 26. Ne7+ 1-0

[Event "Unterfranken-ch HT 52th"]
[Site "Massbach"]
[Date "2001.04.17"]
[Round "3"]
[White "Kirchner, Michael"]
[Black "Filbry, Lothar"]
[Result "1-0"]
[WhiteElo "1721"]
[BlackElo "1543"]
[PlyCount "85"]
[EventDate "2001.04.16"]
[EventType "swiss"]
[EventRounds "9"]
[EventCountry "GER"]
[SourceTitle "EXT 2015"]
[Source "ChessBase"]
[SourceDate "2014.11.20"]
[SourceVersion "1"]
[SourceVersionDate "2014.11.20"]
[SourceQuality "1"]

1. d4 Nf6 2. Nf3 e6 3. e3 d5 4. Bd3 c5 5. b3 Nc6 6. Bb2 Be7 7. 0-0 0-0 8. Nbd2 b6 9. a3 Bb7 10. Ne5 Rc8 11. f4 cxd4 12. exd4 Nd7 13. Qh5 f5 14. Nxd7 Qxd7 15. Rae1 Bf6 16. c3 a6 17. Re3 g6 18. Qe2 b5 19. Rxe6 Rce8 20. Re1 Kf7 21. Rxe8 Rxe8 22. Qxe8+ Qxe8 23. Rxe8 Kxe8 24. Nf3 Na5 25. Bc2 Ke7 26. Kf2 Ke6 27. Ke3 h6 28. h4 Bc6 29. g3 Nb7 30. Ne5 Be8 31. c4 Bxe5 32. cxd5+ Kxd5 33. dxe5 Nc5 34. b4 Ne4 35. Bb3+ Kc6 36. g4 h5 37. gxf5 gxf5 38. Be6 Bd7 39. Bf7 Ng3 40. e6 Bxe6 41. Bxe6 Kd6 42. Bc8 Kd5 43. Kd3 1-0